<The> little blue book of marketing build a killer plan in less than a day

Saved in:
Bibliographic Details
Main Author: Kurnit, Paul
Other Authors: Lance, Steve
Format: Book
Language:English
Published: New York Portfolio 2010
Subjects:
Tags: Add Tag
No Tags, Be the first to tag this record!

MARC

LEADER 00000nam a2200000 4500
001 0121617
005 20240306135810.4
020 |a 978-1-59184-305-4 
041 0 |a eng 
044 |a US 
245 1 0 |a <The> little blue book of marketing  |b build a killer plan in less than a day  |c Paul Kurnit and Steve Lance 
264 1 |a New York  |b Portfolio  |c 2010 
300 |a ix, 273 s. 
610 2 0 |a marketing 
610 2 0 |a plán marketingový 
610 2 0 |a stratégia marketingová 
610 2 0 |a vodcovstvo 
610 2 0 |a lídri 
100 1 |a Kurnit, Paul 
700 1 |a Lance, Steve